Регионална библиотека "Любен Каравелов" - Русе

Непознатият Барак Обама (Запис номер 85816)

MARC детайли
000 -Лидер
Контролно поле с фиксирана дължина 01802nam a2200421 c 4500
003 - Код на организацията, давaща контролен номер
Контролно поле BLK
005 - Дата и час на последна редакция
Контролно поле 20200221093537.0
008 - Елементи от данни с фиксирана дължина
fixed length control field 180408b bul|||||r ||||||| ||bul||
010 ## - Наследен системен номер
LC control number KNG00090419000
020 ## - Международен стандартен номер на книга ISBN
Международен стандартен номер на книга ISBN 978-954-8585-10-1
-- издат.: МаК
040 ## - Източник на каталожния запис
Идентификатор на билиотеката - собственик на записа BLK
041 ## - Код за език
Код за езика на текст/звукозапис или на отделно заглавие Български
Код за езика КДБФ Български
080 ## - УДК
Текстов определител УДК Политика. Вж и 341 ; 342
УДК код - определител по УДК 32
УДК определител (73)(092)
УДК - код + определител 32(73)(092)
080 ## - УДК
Текстов определител УДК 44-ти американски президент
УДК код - определител по УДК 929 Обама, Барак
УДК определител
УДК - код + определител 929 Обама, Барак
100 1# - Редна дума - Автор
Автор Фредосо, Дейвид
Авторска отговорност първи автор
R(LIN) 134889
139 ## - Редно поле
Редна дума Фредосо, Дейвид
Авторски знак О - О 11
245 10 - Сведения за заглавието
Заглавие Непознатият Барак Обама
Редно поле (дума) Дейвид Фредосо; прев. от англ. Огнян Дъскарев.
257 ## - Страна на издаване
Страна на създаване/издаване България
260 ## - Област на издателските данни
-- София
Име на издателя, разпространителя и проч. МаК
Година на издаване 2009
300 ## - Физическа характеристика
Страници 272 с.
380 ## - Жанр
Жанр Обществени науки
500 ## - Общи забележки
Забележка Ориг. загл. The Case Against Barack Obama : The Unlikely Rise and Unexamined Agenda of the Media's Favorite Candidate / David Freddoso. - Офс. изд. - Съдържа и Обама : История в дати на един (кратък) политически живот.
600 14 - Име на лице, използвано като предмет
За него / За нея Обама, Барак
9 (RLIN) 104169
650 #4 - Допълнително описание по предмет – тема
Основно описание – тема или топоним Обама, Барак
9 (RLIN) 104169
650 #4 - Допълнително описание по предмет – тема
Основно описание – тема или топоним Президенти - САЩ
9 (RLIN) 247820
650 #4 - Допълнително описание по предмет – тема
Основно описание – тема или топоним Политици, американски - биографии
9 (RLIN) 267571
651 #4 - Допълнително описание по предмет - топоним
Географско понятие САЩ
9 (RLIN) 179493
653 ## - Ключова дума – ненормативна
Ключова дума Барак Обама
653 ## - Ключова дума – ненормативна
Ключова дума американски политици
653 ## - Ключова дума – ненормативна
Ключова дума президенти
653 ## - Ключова дума – ненормативна
Ключова дума биографии
700 1# - Други автори (авторска отговорност)
Лично име Дъскарев, Огнян
Автороска отговорност (Описва отношението между автора и произведението) прев. от англ.
9 (RLIN) 279129
852 ## - Местоположение
Форматна сигнатура Цб 244644
856 4# - Електронен адрес и достъп
Електронен формат pdf - файл
Път до файла /url/
856 4# - Електронен адрес и достъп
Електронен формат pdf - файл
Път до файла /url/
942 ## - АРТИКУЛИ
Вид на библиотечния материал Книги
Скрит в OPAC Не
Koha issues (borrowed), all copies 3
944 ## - СЪЗДАВАНЕ И РЕДАКЦИЯ на ЗАПИСА
Създаване/Редакция Създаване
Дата на регистрацията/редакция 07.07.2009
Статус, дата на статуса ф /
Служител, извършил регистрацията/редакцията Людмила_Стоянова
944 ## - СЪЗДАВАНЕ И РЕДАКЦИЯ на ЗАПИСА
Създаване/Редакция Редакция
Дата на регистрацията/редакция 13.07.2009
Статус, дата на статуса ф /
Служител, извършил регистрацията/редакцията
999 ## - СИСТЕМНИ КОНТРОЛНИ НОМЕРА
Koha biblionumber 85816
Koha biblioitemnumber 85816
Наличности
Код за отписване Код за изгубен артикул Код за повреда Коз за рестрикции Код за отдаване Артикулен № Име на библиотеката - собственик Име на библиотеката, в която се намира в момента Статус (Текущо местоположение) Дата на вписване в системата Местоположение - отдел Цена в лева Инвентарен номер Систематично азбучна сигнатура Баркод Номер на екземпляра Цена в евро Служебна бележка Служебен тип на артикула Източник на класификационната схема
  Не е изгубен Не е повреден без рестрикции заемане за дома 139095 Регионална библиотека "Любен Каравелов" Русе Регионална библиотека "Любен Каравелов" Русе Заемна - подръчен фонд 2009-07-06 Заемна - подръчен фонд 15.00 120000736778 П 32(092)/О 11 120000736778 1 7.67 Дост: Pk Вид: Ф N: 19076 Дата: 01.07.2009 Дата инв: 02.02.2018 Бележки инв: П2018 Книги  
  Не е изгубен Не е повреден само за читалня ползва се в читалня 731160 Регионална библиотека "Любен Каравелов" Русе Регионална библиотека "Любен Каравелов" Русе Хранилище 2019-07-23 Основен фонд - ползва се само за читалня 15.00   Цб 295823 120000834780   7.67   Книги Universal Decimal Classification
Vip Innovations Ltd, Rousse, Bulgaria 2025